000 01609namaa2200397Ia 4500
001 MIU01100000000000000000421
003 MiU
005 20231010140956.0
008 160416r19801979njuaf sb 001 0 eng d
007 cr mnummmmuuuu
040 _aMiU
_cMiU
024 7 _a2027/heb00830
_2hdl
090 _aDK67.5.F8
_b(INTERNET)
100 1 _aKennan, George F.
_q(George Frost),
_d1904-2005.
_933383
245 1 4 _aThe decline of Bismarck's European order
_h[electronic resource] :
_bFranco-Russian relations, 1875-1890 /
_cby George F. Kennan.
246 3 0 _aFranco-Russian relations, 1875-1890
250 _a2nd print.
300 _axii, 466 p., [8] leaves of plates :
_bill. ;
_c24 cm.
500 _aReprint. Originally published: 1979.
504 _aIncludes bibliographical references (p. 439-449) and index.
588 _aDescription based on print version.
651 0 _aSoviet Union
_xForeign relations
_zFrance.
_933384
651 0 _aFrance
_xForeign relations
_zSoviet Union.
_933385
600 1 0 _aBismarck, Otto,
_cFürst von,
_d1815-1898.
_933386
651 0 _aEurope
_xHistory
_y1871-1918.
_933387
830 0 _aACLS Humanities E-Book.
_933388
856 4 0 _zVolltext
_uhttps://hdl.handle.net/2027/heb00830
942 _cEB
500 _aE-Book-ACLS / Zugriff nur im DHI-Lesesaal
336 _2rdacontent
_btxt
_aText
337 _2rdamedia
_bbc
_aComputermedien
338 _2rdacarrier
_bcr
_aOnline Ressource
264 _aPrinceton, N.J. :
_bPrinceton University Press,
_c1980.
041 _aeng
500 _aAmerican Council of Learned Societies/ https://www.humanitiesebook.org/about/
999 _c64485
_d64485